000 00632nam a2200241Ia 4500
003 OSt
005 20221007101459.0
006 a|||||r|||| 00| 0
007 ta
008 221006b |||||||| |||| 00| 0 eng d
024 _a6,535
037 _cTextual
040 _aLCO
_cLCO
_beng
041 _2eng
_aeng
082 _aX6295:57, L5
100 _aMANSUKHANI H L
245 0 _aSmuggless Paradise & foreign Exchange Law.
260 _aDelhi
_bVikas Pub. House
_c1975
300 _a535
650 _aFOREIGN EXCHANGE LAW
942 _hX6295:57, L5
_cTEXL
999 _c1176098
_d1176098